Effectif FC Metz saison 2023/2024 - Statistiques

Statistiques générales
  • Ce quiz a été pris 424 fois
    158 depuis la dernière actualisation
  • Le résultat moyen est 17 sur 31
Statistiques - réponses
Hint Réponse % Correct
G Alexandre Oukidja
95%
A Georges Mikautadze
95%
D Aboubacar Lô
87%
D Matthieu Udol
79%
Coach László Bölöni
78%
D Ismaël Traoré
75%
M Lamine Camara
73%
A Didier Lamkel Zé
67%
A Cheikh Sabaly
66%
G Marc-Aurèle Caillard
66%
D Maxime Colin
60%
A Ibou Sané
58%
D Sadibou Sané
58%
D Fali Candé
57%
D Kévin Van Den Kerkhof
57%
M Arthur Atta
53%
A Pape Amadou Diallo
53%
M Danley Jean Jacques
52%
G Guillaume Dietsch
52%
M Kévin N'Doram
52%
A Ablie Jallow
48%
A Joel Asoro
48%
D Christophe Hérelle
47%
D Koffi Kouao
45%
A Benjamin Tetteh
43%
A Óscar Estupiñán
37%
M Joseph Nduquidi
30%
M Jean N'Guessan
23%
A Malick Mbaye
20%
M Warren Tchimbembé
17%
M Sami Lahssaini
3%
Aucun quiz correspondant
Distribution des résultats
% des personnes avec chaque résultat
Percentile par nombre de réponses
Votre historique - résultats
Vous n’avez pas pris ce quiz depuis la dernière actualisation